[Event "Orsha op"]
[Site "Orsha"]
[Date "2021.04.11"]
[Round "9"]
[White "Spizharny, Mikhail"]
[Black "Klachkou, Platon"]
[Result "1/2-1/2"]
[WhiteElo "2153"]
[BlackElo "1756"]
[PlyCount "81"]
[EventDate "2021.04.06"]
[EventType "swiss"]
[EventRounds "9"]
[EventCountry "BLR"]
[SourceTitle "CBM 202 Extra"]
[Source "ChessBase"]
[SourceDate "2021.07.31"]
[SourceVersion "1"]
[SourceVersionDate "2021.07.31"]
[SourceQuality "1"]

1. e4 e5 2. Nf3 Nc6 3. Bb5 a6 4. Ba4 d6 5. d4 exd4 6. Nxd4 Bd7 7. Nxc6 Bxc6 8. Bxc6+ bxc6 9. 0-0 Nf6 10. c4 Be7 11. Nc3 0-0 12. Re1 Nd7 13. Bf4 Bf6 14. Qd2 Re8 15. Rad1 Be5 16. Bxe5 Nxe5 17. b3 c5 18. Re3 Nc6 19. Rg3 Re6 20. f4 Rg6 21. Nd5 Rxg3 22. hxg3 Nd4 23. Qa5 c6 24. Qxd8+ Rxd8 25. Nc3 f6 26. Kf2 Kf7 27. Rh1 h6 28. Rh5 Re8 29. Ke3 g6 30. Rh1 Kg7 31. Kd3 a5 32. Re1 f5 33. Rb1 h5 34. Rh1 Kf6 35. Rh4 Re6 36. Rh1 fxe4+ 37. Nxe4+ Kf5 38. Nc3 Kg4 39. Ne4 Kf5 40. Nc3 Kg4 41. Ne4 1/2-1/2

[Event "Orsha op"]
[Site "Orsha"]
[Date "2021.04.09"]
[Round "6"]
[White "Zarubitski, Viachaslau"]
[Black "Spizharny, Mikhail"]
[Result "1-0"]
[WhiteElo "2456"]
[BlackElo "2153"]
[PlyCount "119"]
[EventDate "2021.04.06"]
[EventType "swiss"]
[EventRounds "9"]
[EventCountry "BLR"]
[SourceTitle "CBM 202 Extra"]
[Source "ChessBase"]
[SourceDate "2021.07.31"]
[SourceVersion "1"]
[SourceVersionDate "2021.07.31"]
[SourceQuality "1"]

1. e4 Nf6 2. e5 Nd5 3. d4 d6 4. Nf3 dxe5 5. Nxe5 c6 6. Be2 Bf5 7. 0-0 Nd7 8. Nf3 e6 9. Re1 Be7 10. a3 0-0 11. c4 N5f6 12. Nc3 Ne4 13. Nxe4 Bxe4 14. Bf4 a5 15. Qd2 h6 16. Qe3 Bf5 17. Rad1 a4 18. Ne5 Nxe5 19. Bxe5 Bf6 20. Qc3 Qe7 21. Bf3 Rfd8 22. d5 cxd5 23. Bxf6 Qxf6 24. Qxf6 gxf6 25. cxd5 exd5 26. Bxd5 Rd7 27. Bf3 Rad8 28. Rxd7 Rxd7 29. h3 Kg7 30. Rd1 b5 31. Rxd7 Bxd7 32. Kf1 f5 33. Ke2 Kf6 34. Kd3 Ke5 35. Kc3 f4 36. h4 f5 37. Kb4 Kd4 38. Be2 Bc6 39. Bxb5 Bxb5 40. Kxb5 Kd3 41. Kxa4 Ke2 42. f3 Kf2 43. b4 Kxg2 44. b5 Kxf3 45. b6 Kg2 46. b7 f3 47. b8Q f2 48. Qb7+ Kg1 49. Qb6 f4 50. Qd4 h5 51. Qxf4 f1Q 52. Qxf1+ Kxf1 53. Kb3 Kg2 54. a4 Kh3 55. a5 Kxh4 56. a6 Kg3 57. a7 h4 58. a8Q h3 59. Qh1 h2 60. Kc3 1-0

[Event "Orsha op"]
[Site "Orsha"]
[Date "2021.04.07"]
[Round "3"]
[White "Spizharny, Mikhail"]
[Black "Sargsyan, Anna M"]
[Result "1/2-1/2"]
[WhiteElo "2153"]
[BlackElo "2380"]
[PlyCount "81"]
[EventDate "2021.04.06"]
[EventType "swiss"]
[EventRounds "9"]
[EventCountry "BLR"]
[SourceTitle "CBM 202 Extra"]
[Source "ChessBase"]
[SourceDate "2021.07.31"]
[SourceVersion "1"]
[SourceVersionDate "2021.07.31"]
[SourceQuality "1"]

1. e4 c6 2. d4 d5 3. Nc3 dxe4 4. Nxe4 Bf5 5. Ng3 Bg6 6. h4 h6 7. Nf3 e6 8. Ne5 Bh7 9. Bd3 Bxd3 10. Qxd3 Nd7 11. f4 Ngf6 12. Bd2 Bd6 13. 0-0-0 Qe7 14. c4 0-0-0 15. Rhe1 Bc7 16. Bc3 Rhe8 17. Kb1 g6 18. Qf3 h5 19. b3 Nb6 20. Ne2 Ng8 21. g3 Nh6 22. Ng1 Nf5 23. Qf2 Kb8 24. Ngf3 Qf8 25. Nd2 Nc8 26. Ne4 f6 27. Nf3 Bb6 28. Qg2 Nh6 29. Rd2 Qf7 30. Red1 Ne7 31. d5 Ng4 32. Nxf6 Nxf6 33. Ng5 Qg8 34. Bxf6 exd5 35. Bxe7 Rxe7 36. cxd5 Qf8 37. dxc6 Qf5+ 38. Kb2 Qf6+ 39. Kb1 Qf5+ 40. Kb2 Qf6+ 41. Kb1 1/2-1/2

[Event "BLR-ch U18"]
[Site "Minsk"]
[Date "2021.02.10"]
[Round "7"]
[White "Siniauski, Artsiom"]
[Black "Spizharny, Mikhail"]
[Result "1/2-1/2"]
[WhiteElo "2275"]
[BlackElo "2122"]
[PlyCount "81"]
[EventDate "2021.02.04"]
[EventType "swiss"]
[EventRounds "9"]
[EventCountry "BLR"]
[SourceTitle "EXT 2022"]
[Source "ChessBase"]
[SourceDate "2021.10.06"]
[SourceVersion "1"]
[SourceVersionDate "2021.10.06"]
[SourceQuality "1"]

1. e4 c5 2. Nf3 e6 3. c4 Nc6 4. Be2 Nf6 5. Nc3 d5 6. exd5 exd5 7. d4 Be7 8. Be3 dxc4 9. dxc5 Be6 10. 0-0 0-0 11. Ng5 Bd5 12. Qd2 h6 13. Nh7 Kxh7 14. Rfd1 Be4 15. Nxe4 Qxd2 16. Nxd2 Nd5 17. Ne4 Nxe3 18. fxe3 Ne5 19. Rac1 Rfd8 20. Rd4 b5 21. b3 Rac8 22. bxc4 f5 23. Nd6 Bxd6 24. cxd6 Nxc4 25. Bd3 g6 26. Bxc4 Kg7 27. Rc2 Rxc4 28. Rcxc4 bxc4 29. Rxc4 Rxd6 30. Rc7+ Kf6 31. Rxa7 Rd2 32. Kf1 Kg5 33. Ra6 Kh5 34. Ra5 Kg4 35. Ra4+ Kh5 36. a3 Ra2 37. Ra6 g5 38. h3 Kh4 39. Rxh6+ Kg3 40. Rh5 Rf2+ 41. Ke1 1/2-1/2

[Event "Minsk ODM Team Cup U16"]
[Site "Minsk"]
[Date "2021.??.??"]
[Round "1.2"]
[White "Zeliantsova, Kseniya"]
[Black "Spizharny, Mikhail"]
[Result "1-0"]
[WhiteElo "2082"]
[BlackElo "2153"]
[PlyCount "67"]
[EventDate "2021.03.01"]
[EventType "team-tourn"]
[EventRounds "7"]
[EventCountry "BLR"]
[SourceTitle "EXT 2022"]
[Source "ChessBase"]
[SourceDate "2021.10.06"]
[SourceVersion "1"]
[SourceVersionDate "2021.10.06"]
[SourceQuality "1"]
[WhiteTeam "Mogilevsk Region"]
[BlackTeam "Vitebsk Region"]
[WhiteTeamCountry "BLR"]
[BlackTeamCountry "BLR"]

1. e4 c5 2. Nf3 e6 3. c4 Nc6 4. Nc3 Nd4 5. d3 Ne7 6. Bg5 h6 7. Bh4 Qb6 8. Rb1 Nec6 9. Be2 Bd6 10. 0-0 Nxf3+ 11. Bxf3 0-0 12. Nb5 Be5 13. Bh5 g6 14. f4 Bg7 15. f5 Ne5 16. Bg3 exf5 17. exf5 gxh5 18. f6 Bxf6 19. Qxh5 Ng6 20. Nc7 Bd4+ 21. Kh1 d6 22. Nxa8 Qd8 23. Rbe1 b6 24. Re4 Bb7 25. Rg4 Bxa8 26. Bh4 Qd7 27. Bf6 Bxf6 28. Rxf6 Re8 29. Rfxg6+ fxg6 30. Rxg6+ Kh8 31. Rxh6+ Kg7 32. Qg6+ Kf8 33. Qf6+ Kg8 34. Rh8# 1-0

[Event "BLR-ch U20"]
[Site "Minsk"]
[Date "2020.03.12"]
[Round "2"]
[White "Zarubitski, Viachaslau"]
[Black "Spizharny, Mikhail"]
[Result "1-0"]
[WhiteElo "2442"]
[BlackElo "2127"]
[PlyCount "91"]
[EventDate "2020.03.11"]
[EventType "tourn"]
[EventRounds "9"]
[EventCountry "BLR"]
[EventCategory "2"]
[SourceTitle "CBM 195 Extra"]
[Source "ChessBase"]
[SourceDate "2020.05.31"]
[SourceVersion "1"]
[SourceVersionDate "2020.05.31"]
[SourceQuality "1"]

1. e4 c5 2. Nf3 e6 3. d4 cxd4 4. Nxd4 a6 5. c4 Nf6 6. Nc3 Bb4 7. Qd3 Nc6 8. a3 Ne5 9. Qg3 Bxc3+ 10. Qxc3 d6 11. f3 0-0 12. Be2 b6 13. 0-0 Bb7 14. Qb3 Rc8 15. Bg5 Qc7 16. Rac1 Rfd8 17. Rfd1 Ned7 18. Qe3 h6 19. Bh4 Qb8 20. Bg3 Nh5 21. Bf2 Nhf6 22. Bf1 Re8 23. Qd2 Red8 24. b4 Ne5 25. Qb2 d5 26. exd5 exd5 27. Nf5 Re8 28. c5 bxc5 29. bxc5 Bc6 30. Qc3 Rcd8 31. Nd6 Re6 32. Bg3 Nfd7 33. Re1 Rde8 34. Nxe8 Qxe8 35. Bxa6 d4 36. Qxd4 Bxf3 37. Bb5 Nc6 38. Qd3 Be4 39. Rxe4 Rxe4 40. Bxc6 Nxc5 41. Rxc5 Re1+ 42. Bxe1 Qxe1+ 43. Qf1 Qe3+ 44. Qf2 Qxa3 45. Bb5 Qa1+ 46. Bf1 1-0

[Event "BLR-ch U18"]
[Site "Minsk"]
[Date "2020.02.13"]
[Round "7"]
[White "Spizharny, Mikhail"]
[Black "Tsaruk, Maksim"]
[Result "1/2-1/2"]
[WhiteElo "2074"]
[BlackElo "2309"]
[PlyCount "94"]
[EventDate "2020.02.07"]
[EventType "swiss"]
[EventRounds "9"]
[EventCountry "BLR"]
[SourceTitle "CBM 195 Extra"]
[Source "ChessBase"]
[SourceDate "2020.05.31"]
[SourceVersion "1"]
[SourceVersionDate "2020.05.31"]
[SourceQuality "1"]

1. e4 e5 2. Nf3 Nc6 3. Bb5 a6 4. Bxc6 dxc6 5. 0-0 Qd6 6. d3 f6 7. Be3 Be6 8. Nbd2 0-0-0 9. Qe2 c5 10. Nc4 Bxc4 11. dxc4 Qc6 12. Nd2 Ne7 13. Rfd1 Ng6 14. Qg4+ Qd7 15. Qxd7+ Rxd7 16. g3 Bd6 17. a4 Nf4 18. f3 Ne2+ 19. Kf2 Nd4 20. Rac1 a5 21. c3 Ne6 22. Ke2 g6 23. Bf2 Rf7 24. Rh1 f5 25. Rcf1 h5 26. Be1 b6 27. Nb3 h4 28. Bd2 Be7 29. Nc1 hxg3 30. hxg3 Rfh7 31. Rxh7 Rxh7 32. Nd3 Bd6 33. Nf2 Kd7 34. Rh1 Rxh1 35. Nxh1 fxe4 36. fxe4 Be7 37. Nf2 Bg5 38. Ng4 Bxd2 39. Kxd2 Kd6 40. Ke3 Ng5 41. Nf6 c6 42. Ng4 Ke6 43. Nh6 Ke7 44. Ng4 Nf7 45. Kf3 Ke6 46. Ke3 Nd6 47. b3 Nf7 1/2-1/2

[Event "Minsk Kupreichik Memorial rapid"]
[Site "Minsk"]
[Date "2019.08.17"]
[Round "8"]
[White "Pein, Malcolm"]
[Black "Spizharny, Mikhail"]
[Result "1-0"]
[WhiteElo "2312"]
[BlackElo "2079"]
[PlyCount "105"]
[EventDate "2019.08.15"]
[EventType "swiss (rapid)"]
[EventRounds "10"]
[EventCountry "BLR"]
[SourceTitle "CBM 191 Extra"]
[Source "ChessBase"]
[SourceDate "2019.09.30"]
[SourceVersion "1"]
[SourceVersionDate "2019.09.30"]
[SourceQuality "1"]

1. d4 Nf6 2. Nf3 d5 3. c4 c6 4. Nc3 dxc4 5. e4 b5 6. Be2 g6 7. e5 Nd5 8. h4 h6 9. h5 g5 10. a4 a6 11. Qc2 Bb7 12. e6 Bg7 13. exf7+ Kxf7 14. Qg6+ Kf8 15. Qf5+ Bf6 16. Ne5 Bc8 17. Qe4 Bxe5 18. Qxe5 Nf6 19. 0-0 Nbd7 20. Qg3 Nb6 21. f4 g4 22. f5 Kf7 23. Bf4 Nbd5 24. Be5 Rg8 25. axb5 Nxc3 26. bxc3 cxb5 27. Rae1 Bb7 28. Bd1 Rg5 29. Bc2 Rxh5 30. Bf4 Qd7 31. Re5 Bd5 32. Rfe1 Ra7 33. Bd1 Rxf5 34. Bxh6 a5 35. Bxg4 Rxe5 36. Bxd7 Rxe1+ 37. Qxe1 Rxd7 38. Bc1 Rd8 39. Ba3 Ne4 40. Qh4 Nf6 41. Qf4 Rg8 42. g3 Rg4 43. Qc7 Re4 44. Qxa5 Ng4 45. Kf1 Re3 46. Qxb5 e6 47. Qd7+ Kg6 48. Qe8+ Kf5 49. Qf7+ Nf6 50. Be7 Rf3+ 51. Ke2 Kg5 52. Qg7+ Kh5 53. Bxf6 1-0

[Event "Minsk Kupreichik Memorial rapid"]
[Site "Minsk"]
[Date "2019.08.16"]
[Round "5"]
[White "Spizharny, Mikhail"]
[Black "Shaban, Aliaksandra"]
[Result "1-0"]
[WhiteElo "2079"]
[BlackElo "1734"]
[PlyCount "95"]
[EventDate "2019.08.15"]
[EventType "swiss (rapid)"]
[EventRounds "10"]
[EventCountry "BLR"]
[SourceTitle "CBM 191 Extra"]
[Source "ChessBase"]
[SourceDate "2019.09.30"]
[SourceVersion "1"]
[SourceVersionDate "2019.09.30"]
[SourceQuality "1"]

1. e4 c6 2. d4 d5 3. e5 Bf5 4. h4 h5 5. c4 e6 6. Nc3 dxc4 7. Bxc4 Nd7 8. Nge2 Nb6 9. Bb3 Ne7 10. Bg5 Qd7 11. Ng3 Bg6 12. Qd2 Nf5 13. Nce2 Nd5 14. a3 Be7 15. Nxf5 Bxf5 16. Bxd5 exd5 17. Rc1 Bg6 18. 0-0 0-0 19. Ng3 Rae8 20. Rc3 f6 21. exf6 Bxf6 22. Bxf6 Rxf6 23. Re1 Bf7 24. f3 Rxe1+ 25. Qxe1 g6 26. Re3 Re6 27. Nh1 Qe7 28. Rxe6 Qxe6 29. Qxe6 Bxe6 30. Kf2 Kg7 31. Ke3 Kf7 32. Nf2 b6 33. b4 Bf5 34. Kf4 Kf6 35. Nd1 Bd3 36. Ne3 Bb1 37. b5 cxb5 38. Nxd5+ Ke6 39. Nc7+ Kd7 40. Nxb5 a6 41. Nc3 Bd3 42. Ke5 b5 43. d5 Bf1 44. g4 hxg4 45. fxg4 Bd3 46. h5 gxh5 47. gxh5 Bc2 48. Ne4 1-0

[Event "Orsha op"]
[Site "Orsha"]
[Date "2019.01.22"]
[Round "7"]
[White "Spizharny, Mikhail"]
[Black "Volchkov, Ivan"]
[Result "1-0"]
[WhiteElo "1923"]
[BlackElo "1685"]
[PlyCount "107"]
[EventDate "2019.01.18"]
[EventType "swiss"]
[EventRounds "9"]
[EventCountry "BLR"]
[SourceTitle "CBM 188 Extra"]
[Source "ChessBase"]
[SourceDate "2019.02.26"]
[SourceVersion "1"]
[SourceVersionDate "2019.02.26"]
[SourceQuality "1"]

1. e4 c5 2. Nf3 Nc6 3. Bb5 g6 4. Bxc6 dxc6 5. h3 Bg7 6. d3 Nf6 7. Nc3 Nd7 8. Be3 e5 9. Qd2 Qe7 10. Bh6 f6 11. Nh2 Nf8 12. Bxg7 Qxg7 13. f4 exf4 14. Qxf4 Ne6 15. Qf2 Nd4 16. Nf3 Nxf3+ 17. Qxf3 Be6 18. 0-0 0-0 19. Rae1 Rad8 20. Qe3 b6 21. b3 Qd7 22. Ne2 Rde8 23. Qh6 Qg7 24. Qxg7+ Kxg7 25. Nf4 Bc8 26. a4 Re7 27. g4 Rfe8 28. Re3 Re5 29. Ref3 Rg5 30. Kh2 f5 31. exf5 gxf5 32. Nh5+ Kg6 33. Ng3 fxg4 34. Rf7 Rge5 35. h4 R8e6 36. Rc7 Re8 37. Rff7 h5 38. Rxa7 Bf5 39. Rh7 Rf8 40. Rag7+ Kf6 41. Nxh5+ Ke6 42. Nf4+ Kd6 43. Rh6+ Be6 44. Rxg4 Kd7 45. Nxe6 Rxe6 46. Rxe6 Kxe6 47. Kg2 Kf5 48. Kf3 Re8 49. Rf4+ Kg6 50. Re4 Rf8+ 51. Ke3 Rf6 52. Re5 Kh7 53. Re7+ Kg6 54. Rb7 1-0

[Event "Orsha op"]
[Site "Orsha"]
[Date "2019.01.20"]
[Round "5"]
[White "Spizharny, Mikhail"]
[Black "Runets, Ivan"]
[Result "1/2-1/2"]
[WhiteElo "1923"]
[BlackElo "2118"]
[PlyCount "110"]
[EventDate "2019.01.18"]
[EventType "swiss"]
[EventRounds "9"]
[EventCountry "BLR"]
[SourceTitle "CBM 188 Extra"]
[Source "ChessBase"]
[SourceDate "2019.02.26"]
[SourceVersion "1"]
[SourceVersionDate "2019.02.26"]
[SourceQuality "1"]

1. e4 c5 2. Nf3 e6 3. b3 d6 4. Bb2 Nf6 5. Bd3 Nc6 6. 0-0 Be7 7. Re1 0-0 8. a3 b6 9. c3 Bb7 10. Bc2 Ne5 11. d4 cxd4 12. cxd4 Ng6 13. Nc3 Rc8 14. Rc1 a6 15. Qd2 Rc7 16. Bd3 Qb8 17. h3 Rfc8 18. Qe3 b5 19. Nd2 e5 20. d5 Nd7 21. b4 Nf4 22. g3 Nxd3 23. Qxd3 Bg5 24. Ne2 Bxd2 25. Qxd2 Nb6 26. Ba1 Nc4 27. Qd3 Rf8 28. g4 Bc8 29. Ng3 Bd7 30. Kh2 Qd8 31. Bc3 Qh4 32. Kg2 Rfc8 33. Bd2 Qf6 34. Be3 Qg6 35. f3 f6 36. Nf1 Qf7 37. Rc2 g6 38. Rec1 f5 39. Bb6 Rb7 40. Bg1 Rbc7 41. Ne3 fxe4 42. fxe4 Qf4 43. Nxc4 bxc4 44. Qe3 Qxe3 45. Bxe3 c3 46. Kf3 Bb5 47. Bb6 Rc4 48. Ke3 Ba4 49. Kd3 Bb5 50. Ke3 Kf7 51. g5 Ke7 52. h4 Ba4 53. Kd3 Bxc2+ 54. Rxc2 Ke8 55. Bc5 R4xc5 1/2-1/2

[Event "Orsha op"]
[Site "Orsha"]
[Date "2019.01.20"]
[Round "4"]
[White "Spizharny, Mikhail"]
[Black "Vashchilov, Sergey"]
[Result "0-1"]
[WhiteElo "1923"]
[BlackElo "2134"]
[PlyCount "82"]
[EventDate "2019.01.18"]
[EventType "swiss"]
[EventRounds "9"]
[EventCountry "BLR"]
[SourceTitle "CBM 188 Extra"]
[Source "ChessBase"]
[SourceDate "2019.02.26"]
[SourceVersion "1"]
[SourceVersionDate "2019.02.26"]
[SourceQuality "1"]

1. e4 e6 2. d4 d5 3. Nc3 Nf6 4. e5 Nfd7 5. f4 c5 6. Nf3 Nc6 7. Be3 a6 8. Qd2 b5 9. dxc5 Nxc5 10. a3 Bb7 11. Nd4 Qc7 12. Bd3 Be7 13. 0-0 g6 14. Qf2 Nxd4 15. Bxd4 Rc8 16. Qe3 Na4 17. Nxa4 bxa4 18. Rae1 Bc5 19. Bxc5 Qxc5 20. Qxc5 Rxc5 21. c3 Ke7 22. Kf2 Bc6 23. Bxa6 Bb5 24. Bxb5 Rxb5 25. Re2 Rhb8 26. Rb1 Rb3 27. Rc2 Rxa3 28. Ke3 Rab3 29. Kd2 a3 30. Kc1 h5 31. h4 Kd7 32. c4 dxc4 33. Rxc4 a2 34. Ra1 Rxb2 35. Rd4+ Ke7 36. Rd1 Rb1+ 37. Kc2 Rc8+ 38. Kd2 Rd8+ 39. Ke3 Rbxd1 40. Rxa2 R1d3+ 41. Ke4 R8d4# 0-1

[Event "Orsha blitz op"]
[Site "Orsha"]
[Date "2019.01.19"]
[Round "4"]
[White "Gogolev, Artem"]
[Black "Spizharny, Mikhail"]
[Result "0-1"]
[WhiteElo "2301"]
[BlackElo "2020"]
[PlyCount "117"]
[EventDate "2019.01.19"]
[EventType "swiss (blitz)"]
[EventRounds "10"]
[EventCountry "BLR"]
[SourceTitle "CBM 189 Extra"]
[Source "ChessBase"]
[SourceDate "2019.06.03"]
[SourceVersion "1"]
[SourceVersionDate "2019.06.03"]
[SourceQuality "1"]

1. c4 Nf6 2. Nf3 c6 3. g3 d5 4. b3 Bf5 5. Bb2 e6 6. Bg2 h6 7. 0-0 Be7 8. d3 0-0 9. Nbd2 a5 10. a3 Na6 11. cxd5 cxd5 12. Rc1 Rc8 13. Rxc8 Qxc8 14. Qa1 Qd7 15. Rc1 Rc8 16. Nd4 Bh7 17. N2f3 Bd6 18. a4 Rxc1+ 19. Qxc1 Nb4 20. Nb5 Bb8 21. Ne5 Qd8 22. Qc3 Ne8 23. Qc5 Nd6 24. Bc3 Na6 25. Qd4 f6 26. Nf3 b6 27. Bh3 Nf5 28. Bxf5 Bxf5 29. Bd2 Nc5 30. Qb2 e5 31. Be3 Ne6 32. Qc2 d4 33. Bd2 Nc7 34. Nxc7 Qxc7 35. Qb2 Be6 36. Be1 Qc6 37. Nd2 Bd5 38. Nc4 Bd6 39. Qc2 Be7 40. f3 Kf7 41. Bd2 Kf8 42. Kf2 Kf7 43. Bc1 Bf8 44. e4 dxe3+ 45. Bxe3 Bc5 46. Qb2 Bxe3+ 47. Nxe3 Bxf3 48. d4 e4 49. Nc4 Bg4 50. Qd2 Be6 51. Ne3 Qd7 52. d5 Bh3 53. Qd4 f5 54. Qxb6 Qe7 55. d6 Qe5 56. Qc7+ Kg6 57. Qc6 f4 58. gxf4 Qxf4+ 59. Ke2 0-1

[Event "Orsha blitz op"]
[Site "Orsha"]
[Date "2019.01.19"]
[Round "5"]
[White "Spizharny, Mikhail"]
[Black "Krylov, Ivan"]
[Result "0-1"]
[WhiteElo "2020"]
[BlackElo "2312"]
[PlyCount "162"]
[EventDate "2019.01.19"]
[EventType "swiss (blitz)"]
[EventRounds "10"]
[EventCountry "BLR"]
[SourceTitle "CBM 189 Extra"]
[Source "ChessBase"]
[SourceDate "2019.06.03"]
[SourceVersion "1"]
[SourceVersionDate "2019.06.03"]
[SourceQuality "1"]

1. e4 g6 2. d4 c6 3. f4 d5 4. e5 h5 5. Nf3 Nh6 6. Bd3 Bf5 7. 0-0 e6 8. Nc3 Be7 9. Be3 Bxd3 10. Qxd3 Nf5 11. Nd1 Nd7 12. Bf2 c5 13. Ne3 Nxd4 14. Nxd4 cxd4 15. Qxd4 Bc5 16. Qd2 0-0 17. c3 b5 18. Nc2 Qb6 19. Nd4 b4 20. Rfd1 Rfc8 21. Rac1 bxc3 22. Qxc3 Kg7 23. Qd2 Rab8 24. b3 Qa6 25. Qe2 Qxe2 26. Nxe2 Ba3 27. Rxc8 Rxc8 28. Bxa7 Rc2 29. Nd4 Rxa2 30. Kf1 Bb4 31. Nc6 Bd2 32. b4 Bxf4 33. b5 Nxe5 34. Bb8 Nxc6 35. Bxf4 Na5 36. b6 f6 37. Rb1 e5 38. b7 Nxb7 39. Rxb7+ Kg8 40. Bh6 Ra1+ 41. Ke2 Ra2+ 42. Kf3 Ra3+ 43. Kf2 Ra2+ 44. Kf3 Ra3+ 45. Kf2 Rd3 46. Rg7+ Kf8 47. Rxg6+ Kf7 48. Rg3 Rd1 49. Ra3 d4 50. Ke2 Rb1 51. Bd2 Kg6 52. Rf3 Rb2 53. Rg3+ Kf7 54. Rh3 e4 55. Ke1 Kg6 56. Kd1 e3 57. Bxe3 dxe3 58. Rxe3 Rxg2 59. h3 Kf5 60. Rf3+ Kg5 61. Ke1 f5 62. Kf1 Ra2 63. Kg1 f4 64. Rb3 Kh4 65. Rf3 Kg5 66. Rb3 Rc2 67. Ra3 Re2 68. Rb3 Re3 69. Rb5+ Kh4 70. Rf5 Kg3 71. Rg5+ Kh4 72. Rf5 Kg3 73. Rg5+ Kf3 74. Rxh5 Re1+ 75. Kh2 Kf2 76. Ra5 f3 77. Ra3 Re2 78. Kh1 Re3 79. Ra1 Kg3 80. h4 f2 81. Rf1 Re1 0-1